Statystyki dla Jakiego kraju jest to opis

Kliknij tutaj aby rozwiązać quiz!

Ogólne statystyki

  • Ten quiz został rozwiązany 372 razy
  • Średni wynik to 12 z 15

Statystyki odpowiedzi

opiskraj% Poprawnych
Największy kraj światarosja
92%
Kraj pomiędzy Norwegią a FinlandiąSzwecja
92%
Jest jednocześnie krajem jak i kontynentemAustralia
91%
Jest jedynym państwem które graniczy z Wielką BrytaniąIrlandia
91%
Miastem tego kraju jest SandomierzPolska
91%
Z tego Kraju pochodzi piłkarz Cristiano RonaldoPortugalia
91%
Nazwa tego kraju pochodzi od Krzysztofa KolumbaKolumbia
88%
Do tego kraju wyprowadził się Fryderyk ChopinFrancja
86%
Ten kraj jest znany z dużej ilości wiatrakówHolandia
84%
Kształt tego kraju przypomina butaWłochy
84%
Jedyne państwo w Europie które jest wyspę i nie ma żadnych sąsiadówIslandia
82%
Jest najpotężniejszym krajem 2020 pod względem ludność i PKBUSA/Stany Zjednoczone
79%
Ma flagę Czerwono-białą ale to nie MonakoIndonezja
78%
Rozgrywane tam były Mistrzostwa Świata 2014Brazylia
63%
Z tego kraju pochodzą najlepsze linie lotnicze EmiratesArabia Sudyjska
4%

Rozkład punktacji

Percentyl według liczby udzielonych odpowiedzi

Procent ludzi z każdym wynikiem

Twoja historia wyników

Nie rozwiązałeś tego quizu